| 000 | 00667cam a2200253 4500 | ||
|---|---|---|---|
| 008 | 090401t1995 xxu||||| |||| 00| 0 eng d | ||
| 020 | _a0952548208 | ||
| 035 | _a(Sirsi) u7982 | ||
| 041 | _aeng | ||
| 050 | _a778.5 | ||
| 100 | _aHudson, Norman | ||
| 245 | _aFilm and photography for historic houses and gardens. | ||
| 260 |
_aLondon _bHistoric Houses Association _c1995 |
||
| 300 | _a98p. ; ill. ; 21cm. | ||
| 350 | _a17.19 | ||
| 650 |
_aContracts _96232 |
||
| 650 | _aFILM LOCATIONS | ||
| 650 | _aFILMING | ||
| 650 | _aHISTORIC HOUSES | ||
| 690 | _aCONSERVATION | ||
| 710 |
_aHistoric Houses Association _92072 |
||
| 942 | _n0 | ||
| 948 | _c04/03/1997 | ||
| 999 |
_c86467 _d86467 |
||